|
|
|
|
| LEADER |
01615nam a22003017a 4500 |
| 001 |
38878 |
| 003 |
BD-DhAAL |
| 008 |
220706t1995 bg a|||| b||| 00| 0 ben d |
| 999 |
|
|
|c 44543
|d 44543
|
| 020 |
|
|
|a 984461104X
|
| 040 |
|
|
|a BD-DhAAL
|c BD-DhAAL
|
| 041 |
|
|
|a ben
|
| 082 |
|
|
|a 891.4481
|
| 100 |
|
|
|a সেন, দীনেশ্চন্দ্র
|9 49880
|
| 245 |
|
|
|a মৈমনসিংহ-গীতিকা :
|b পূর্ব্ববঙ্গগীতিকা,
|n প্রথম খণ্ড, দ্বিতীয় সংখ্যা /
|c দীনেশ্চন্দ্র সেন, রায় বাহাদুর; ভূমিকা আশরাফ সিদ্দিকী
|
| 260 |
|
|
|a ঢাকা :
|b গতিধারা,
|c ১৯৯৫.
|
| 300 |
|
|
|a ৪১৫ পৃষ্ঠা :
|b চিত্র ;
|c ২২ সে.মি.
|
| 362 |
|
|
|a Vol. 1, no. 2
|
| 504 |
|
|
|a গ্রন্থপঞ্জিগত নির্দেশিকা অন্তর্ভুক্ত।
|
| 541 |
|
|
|a Donated By Akbar Ali Khan
|e 38878
|
| 650 |
|
|
|a Ballads, Bengali
|z Bangladesh
|z Mymensingh District
|v Translations into English.
|9 49885
|
| 650 |
|
|
|a Ballads, Bengali
|z Bangladesh.
|9 49886
|
| 650 |
|
|
|a Bengali ballads.
|9 49887
|
| 700 |
|
|
|a বাহাদুর, রায়
|9 49882
|
| 700 |
|
|
|a সিদ্দিকী, আশরাফ
|9 49883
|
| 852 |
|
|
|a Ayesha Abed Library
|c Akbar Ali Khan Collection
|
| 942 |
|
|
|2 ddc
|c BK
|
| 952 |
|
|
|0 0
|1 0
|2 ddc
|4 0
|6 891_448100000000000_SEN
|7 1
|9 71202
|a BRACUL
|b BRACUL
|c AAKC
|d 2022-07-06
|e Donated by Akbar Ali Khan
|l 0
|o 891.4481 SEN
|p 3010038878
|r 2022-07-06
|t 1
|w 2022-07-06
|y BK
|